Wireless / (Record no. 193932)

000 -LEADER
fixed length control field 00642 a2200157 4500
003 - CONTROL NUMBER IDENTIFIER
control field Nust
005 - DATE AND TIME OF LATEST TRANSACTION
control field 20230621084528.0
040 ## - CATALOGING SOURCE
Transcribing agency Nust
082 ## - DEWEY DECIMAL CLASSIFICATION NUMBER
Classification number 384.5,ECC
100 ## - MAIN ENTRY--PERSONAL NAME
Personal name W.H. Eccles
9 (RLIN) 113190
245 ## - TITLE STATEMENT
Title Wireless /
Statement of responsibility, etc. W.H. Eccles
260 ## - PUBLICATION, DISTRIBUTION, ETC.
Place of publication, distribution, etc. London
Name of publisher, distributor, etc. Thorton
Date of publication, distribution, etc. 1933
300 ## - PHYSICAL DESCRIPTION
Extent 250pages
505 ## - FORMATTED CONTENTS NOTE
Formatted contents note Waves (Page-7), Early Spark Telegraphy (Page-42), Syntonic Spark Telegraphy (Page-64), Continuous Waves (Page-97), Beam Transmission (Page-121), The Triode (Page-138), The Triode Revolution (Page-163) Some Modern Receiving Apparatus (Page-186), Progress of Recent Years (Page-214), The Atmosphere(Page-235).
942 ## - ADDED ENTRY ELEMENTS (KOHA)
Source of classification or shelving scheme
Koha item type Book Bank
Holdings
Withdrawn status Lost status Source of classification or shelving scheme Damaged status Not for loan Permanent Location Current Location Shelving location Date acquired Full call number Barcode Date last seen Price effective from Koha item type Public note
          Military College of Signals (MCS) Military College of Signals (MCS) General Stacks 12/12/2016 384.5,ECC MCS29792 12/08/2016 12/12/2016 Book Almirah No.81, Shelf No.5
© 2023 Central Library, National University of Sciences and Technology. All Rights Reserved.